Caracterización de propiedades en mezclas asfálticas envejecidas utilizando diversos aditivos
Spremljeno u:
| Glavni autor: | |
|---|---|
| Daljnji autori: | |
| Format: | Knjiga |
| Izdano: |
San José, Costa Rica
1999
|
| Teme: | |
| Oznake: |
Dodaj oznaku
Bez oznaka, Budi prvi tko označuje ovaj zapis!
|
MARC
| LEADER | 00000nam a2200000Ia 4500 | ||
|---|---|---|---|
| 003 | 008627 | ||
| 005 | 20240110113018.0 | ||
| 008 | 140114s1999 cr a m 000 ||s d | ||
| 040 | |c cru CEDI | ||
| 090 | |a TFG 3944 | ||
| 100 | |a Cervantes Calvo, Víctor Hugo, 1972- |9 2128 | ||
| 245 | |a Caracterización de propiedades en mezclas asfálticas envejecidas utilizando diversos aditivos | ||
| 260 | |a San José, Costa Rica |c 1999 | ||
| 300 | |a 197, [24] hojas : ilustraciones | ||
| 500 | |a Trabajo de graduación (licenciatura en ingeniería civil)--Universidad de Costa Rica. Facultad de Ingeniería. Escuela de Ingeniería Civil | ||
| 501 | |a Director de Trabajo Final de Graduación: Ing. Pedro Castro Fernández, M.Sc. MBA | ||
| 650 | |x ASFALTO - INVESTIGACIONES |x MATERIALES PARA CARRETERAS - PRUEBAS |x PAVIMENTOS |9 8760 | ||
| 700 | |a Castro Fernández, Pedro Luis,1971- |d Director del TFG |9 1527 | ||
| 942 | |c TFG |h TFG 3944 |i 008627 |6 TFG_3944_008627000000000 | ||
| 999 | |c 18523 |d 18523 | ||
